Alguns números MAPRO - Statistics

Estatísticas Gerais
  • Esse quiz foi jogado 23 vezes
  • A pontuação média é 14 de 34
Estatísticas das Respostas
Hint Resposta % Correto
(Cobrinha) Limite máximo de _____ anvs por Tráfego 6
100%
Boxes: _____ 35
88%
Altitude padrão: _______ ft 1976
75%
(Cobrinha) A primeira curva para perna de través deverá ser feita pelo líder a ______ ft, no restante do voo será a ______ ft. As demais anvs fazem com no mínimo _______ indicados. 2700 2500 2300
63%
Cobrinha é obrigatória com mais de _____ anvs 3
63%
Comunicar o Cmd/Opo da Esquadrilha com ____ horas de antecedência quando não puder voar. 12
50%
Nas demais missões, antecipação de _______ pro briefing 1
38%
Frequência livre: ______ 12345
38%
Extensão da pista: _____ m 1902
38%
Briefing individual: ______ antes da Dep (Cobrinha) 1h15
38%
Número de alunos solo por área: _____ anvs 2
38%
Hangaretes: _____ 26
38%
Limite para pouso em relação ao pôr do Sol são ____ min antes para estar no tráfego e ____ para o pouso. 30 15
38%
Dois hangares usados pelo GLOG: ___ e ____ 32 33
38%
Dois boxes usados pelo GLOG: ____ e ____ 34 35
38%
Número de entradas do EIA 4
38%
Saturação da Área de Sagitário: ______ anvs 4
38%
Não efetuar descida abaixo de _____ ft no Setor W Via tobogã E 4000
38%
Largura da pista: ______ m 45
38%
Número de pontos que limitam a área portal: ________ 5
38%
Briefing geral: ______ antes da Dep (Cobrinha) 50m
38%
Núm. máximo de _______ no Circuito Tráfego, sendo ______ toque e arremetida e ____ no retorno p/ pouso final. 5 3 2
38%
Demais áreas: ______ anvs 6
38%
Número máximo de cadetes no Apolo’s bar: 6
38%
Limite vertical do nível do solo (GND) até _______ ft (FL___) inclusive. 9000 090
38%
Condições Campo em VFR Especial ______ a ______ ft 1000 1500
25%
O “horário térmico” é entre ______ P e ______ P inclusive 10 16
25%
Existem ____ áreas menores, sendo que ____ são usadas pelo 2° EIA, demais são usadas pelo EDA e 1° EIA. 11 4
25%
___ Esquadrilha/ Elemento equivale a ______ anvs. 1 2
25%
Previsão de pouso aluno solo _______ antes do pôr do Sol. 1h30
25%
PS-00 e PS-01 antecipação de _______ pro briefing 1h30
25%
Na ÁREA VERTICAL limite mínimo de ______ ft, mas na vertical de Pira será de ______ ft 4000 5000
25%
Visibilidade de ______ a _______ em VFR especial 3000 5000
13%
São _____ áreas em Voos de EXP num círculo de ____ NM de raio. Seus limites são entre ______ e _______ ft. 5 2 4000 9000
13%
Nenhum quiz correspondente encontrado
Distribuição das Pontuações
Porcentagem de Pessoas com Cada Pontuação
Percentil de Números Respondidos
Sua Pontuação Histórica
Você não jogou esse quiz